000
00297nam a2200121Ia 4500
008
191201s2006 xx 000 0 und d
100
_a
SILBERSCHATZ, Abraham
245
0
_a
Database system Concepts
260
_a
N. delhi
_b
TMH
_c
2006
300
_a
1142
650
_a
B.Tech(IT)
942
_2
ddc
_c
BK
_0
24
999
_c
6383
_d
6383